| 000 | 00521nam a2200217Ia 4500 | ||
|---|---|---|---|
| 008 | 170918s9999 xx 000 0 und d | ||
| 020 | _a9780545307420 | ||
| 050 | _bS857cr 2010 | ||
| 100 | _aStilton, Geronimo | ||
| 245 | 4 | _aThe thirteen ghosts / | |
| 245 | _cby Geronimo Stilton. | ||
| 260 | _aNew York : | ||
| 260 | _bScholastic, | ||
| 260 | _c2010 | ||
| 300 | _a111 pages : | ||
| 300 | _bcolor illustrations ; | ||
| 300 | _c19cm. | ||
| 300 | _eCreepella von cacklefur ; | ||
| 440 | _a1 | ||
| 500 | _a520 | ||
| 999 |
_c343703 _d343703 |
||